Исследование влияния природы и размера частиц катализатора на образование нанотрубок в методе каталитического пиролиза углеводородов; Наукоемкие технологии; № 6

Détails bibliographiques
Parent link:Наукоемкие технологии: научно-технический журнал.— , 2001-
№ 6.— 2004.— С. 38-42
Auteur principal: Царева С. Ю.
Autres auteurs: Жариков Е. В., Коваленко А. Н.
Langue:russe
Publié: 2004
Collection:Методы исследования диэлектрических и полупроводниковых изделий
Sujets:
Format: MixedMaterials Chapitre de livre
KOHA link:https://koha.lib.tpu.ru/cgi-bin/koha/opac-detail.pl?biblionumber=395774

MARC

LEADER 00000naa2a2200000 4500
001 395774
005 20231101064705.0
035 |a (RuTPU)RU\TPU\prd\33366 
090 |a 395774 
100 |a 20050301a2004 k y0rusy50 ca 
101 0 |a rus 
102 |a RU 
200 1 |a Исследование влияния природы и размера частиц катализатора на образование нанотрубок в методе каталитического пиролиза углеводородов  |f С. Ю. Царева, Е. В. Жариков, А. Н. Коваленко 
225 1 |a Методы исследования диэлектрических и полупроводниковых изделий 
320 |a Библиогр.: 10 назв. 
461 1 |0 (RuTPU)RU\TPU\prd\1139  |t Наукоемкие технологии  |o  научно-технический журнал  |d 2001- 
463 1 |0 (RuTPU)RU\TPU\prd\27450  |t № 6  |v С. 38-42  |d 2004 
610 1 |a углеводороды 
610 1 |a каталитический пиролиз 
610 1 |a катализаторы 
610 1 |a нанотрубки 
610 1 |a частицы 
610 1 |a контролирование размера 
675 |a 661.666:544.473  |v 3 
700 1 |a Царева  |b С. Ю. 
701 1 |a Жариков  |b Е. В. 
701 1 |a Коваленко  |b А. Н. 
801 1 |a RU  |b 63413507  |c 20050301  |g PSBO 
942 |c BK